Memoria comercial y estudio sobre el desarrollo de los negocios ... con un resumen ... o memorias de trabajos (Record no. 39396)

MARC details
000 -LEADER
campo de control de longitud fija 00724nam a2200181 i 4500
001 - NÚMERO DE CONTROL
campo de control 39396
003 - IDENTIFICADOR DE NÚMERO DE CONTROL
campo de control ES-MaACL
005 - FECHA Y HORA DE LA ÚLTIMA TRANSACCIÓN
campo de control 20250901205745.0
007 - CAMPO FIJO DE DESCRIPCIÓN FÍSICA--INFORMACIÓN GENERAL
campo de control de longitud fija t|
008 - DATOS DE LONGITUD FIJA--INFORMACIÓN GENERAL
campo de control de longitud fija 030303s1970 sp ||||1| spa d
110 2# - ENTRADA PRINCIPAL--NOMBRE DE ENTIDAD CORPORATIVA
Nombre de entidad corporativa o nombre de jurisdicción como elemento de entrada Cámara Oficial de Comercio e Industria de León
9 (RLIN) 2381
245 10 - MENCIÓN DEL TÍTULO
Título Memoria comercial y estudio sobre el desarrollo de los negocios ... con un resumen ... o memorias de trabajos
Resto del título : 1968-69 /
Mención de responsabilidad, etc. Cámara Oficial de Comercio e Industria de León.
260 ## - PUBLICACIÓN, DISTRIBUCIÓN, ETC.
Lugar de publicación, distribución, etc. [León :
Nombre del editor, distribuidor, etc. s.n.,
Fecha de publicación, distribución, etc. 1970] (
Fabricante Imp. Casado)
300 ## - DESCRIPCIÓN FÍSICA
Extensión XII, 152 p. :
Otras características físicas 14 gráf. ;
Dimensiones 27 cm.
610 24 - PUNTO DE ACCESO ADICIONAL DE MATERIA--NOMBRE DE ENTIDAD CORPORATIVA
Nombre de entidad corporativa o nombre de jurisdicción como elemento de entrada Cámara Oficial de Comercio e Industria de León-
Subdivisión de forma Memorias.
9 (RLIN) 170434
852 ## - LOCALIZACIÓN
Ubicación ES-MaACL
Número de control de estantería C-41445
Sublocalización o colección R.76167
Holdings
Estatus retirado Estado de pérdida Estado de daño No para préstamo Biblioteca de origen Biblioteca actual Ubicación en estantería Fecha de adquisición Fuente de adquisición Total de préstamos Signatura topográfica completa Código de barras Visto por última vez Precio de reemplazo Tipo de ítem Koha
        Biblioteca del Ateneo de Madrid Biblioteca del Ateneo de Madrid Depósito 2 17/01/2008     C-41445 1041492 23/02/2023 23/02/2023 Libro impreso